000 00287nam a22001217a 4500
082 _a515.35 THO'C
100 _aTHOMPSON, J.E
_939125
245 _aCALCULUS:FOR THE PRACTICAL MAN
260 _aNEWYORK
_bD.VAN NOSTRAND
_c1946
300 _a342P
650 _aCALCULUS
_94218
942 _cBK
999 _c579127
_d579127